Fī al-taʾmīn al-baḥrī /
Saved in:
| Main Author: | |
|---|---|
| Format: | Book |
| Language: | Arabic |
| Published: |
ʻAmmān :
[s.n.],
1997
|
| Edition: | al-Ṭabʻah 1. |
| Subjects: | |
| Tags: |
Add Tag
No Tags, Be the first to tag this record!
|
| LEADER | 00642nam a2200229 a 4500 | ||
|---|---|---|---|
| 001 | 007734896-6 | ||
| 005 | 20020606104010.5 | ||
| 008 | 000302s1997 jo 000 0 ara d | ||
| 035 | 0 | |a ocm43771226 | |
| 035 | 1 | |a MAHX00B27 | |
| 040 | |a MH-L |c MH-L | ||
| 041 | |a araeng | ||
| 100 | 1 | |a Ḥāmid, ʻUmar Ḥāmid. | |
| 245 | 1 | 0 | |a Fī al-taʾmīn al-baḥrī / |c ʻUmar Ḥāmid al-Ḥāmid. |
| 250 | |a al-Ṭabʻah 1. | ||
| 260 | |a ʻAmmān : |b [s.n.], |c 1997 | ||
| 300 | |a 303 p. ; |c 24 cm. | ||
| 500 | |a "Yuṭlab [al-kitāb] min Muʾassasat Rāmā". | ||
| 546 | |a In Arabic and English. | ||
| 650 | 0 | |a Marine insurance. | |
| 988 | |a 20020608 | ||
| 906 | |0 MH | ||


